000 00283nam a2200097Ia 4500
001 1299409
005 20260417170344.0
008 260417s9999 xx 000 0 und d
245 0 _aTÜRKİYE'Yİ GEZİYORUM 5 LEVENT BALIKESİR'DE
_cMUSTAFA ORAKÇI
260 _bTİMAŞ ÇOCUK YAYINLARI
999 _c1299409
_d1299409